Средства электроной вычислительной техники: номенклатурный справочник на 1975 год; каталог "Изделия радиопромышленности и промышленности средств связи"; Том X

Dettagli Bibliografici
Ente Autore: Научно-исследовательский институт экономики и информации по радиоэлектронике
Altri autori: Черняева С. И. (составитель)
Riassunto:Исключено из фонда НТБ ТПУ
Lingua:russo
Pubblicazione: Москва, НИИЭИР, 1975
Natura: Libro
KOHA link:https://koha.lib.tpu.ru/cgi-bin/koha/opac-detail.pl?biblionumber=135610

MARC

LEADER 00000nam0a2200000 4500
001 135610
005 20231031140150.0
035 |a (RuTPU)RU\TPU\book\146967 
090 |a 135610 
100 |a 20080414d1975 k y0rusy50 ca 
101 0 |a rus 
102 |a RU 
105 |a y b 001zy 
200 1 |a Средства электроной вычислительной техники  |e номенклатурный справочник на 1975 год  |e каталог "Изделия радиопромышленности и промышленности средств связи"  |f Научно-исследовательский институт экономики и информации по радиоэлектронике ; сост. С. И. Черняева  |h Том X 
210 |a Москва  |c НИИЭИР  |d 1975 
215 |a 32 с. 
333 |a Исключено из фонда НТБ ТПУ 
702 1 |a Черняева  |b С. И.  |4 220 
712 0 2 |a Научно-исследовательский институт экономики и информации по радиоэлектронике 
801 1 |a RU  |b 63413507  |c 20080414  |g PSBO 
801 2 |a RU  |b 63413507  |c 20220620  |g RCR 
942 |c BK